Defunct Car Brands - Statistics

General Stats
  • This quiz has been taken 470 times
    438 since last reset
  • The average score is 5 of 15
Answer Stats
Years Marque % Correct
1926-2010 Pontiac
62%
1897-2004 Oldsmobile
53%
1985-2010 Saturn
50%
1945-2016 Saab
45%
1938-2011 Mercury
40%
1992-2010 Hummer
38%
1928-2001 Plymouth
34%
1954-1988 AMC (American Motors Corp.)
31%
1975-1982 DeLorean
28%
1852-1967 Studebaker
28%
1899-1962 Packard
22%
2003-2016 Scion
19%
1980-2008 Yugo
16%
1989-1997 Geo
14%
1988-1998 Eagle
12%
No matching quizzes found
Score Distribution
Percent of People with Each Score
Percentile by Number Answered
Your Score History
You have not taken this quiz since the last reset